| 000 | 00690nam a2200217 i 4500 | ||
|---|---|---|---|
| 001 | 17853 | ||
| 003 | ES-MaACL | ||
| 005 | 20250815004207.0 | ||
| 007 | t| | ||
| 008 | 010608s1985 fr ||||1| fre d | ||
| 020 | _a2-221-0413-7 | ||
| 080 | _a930.9"19" | ||
| 100 | 1 |
_aJohnson, Paul. _966756 |
|
| 245 | 1 | 4 |
_aUne histoire du monde moderne de 1917 aux années 1980 / _cPaul Johson. |
| 260 |
_aParis : _bRobert Laffont, _c1985. |
||
| 300 |
_a2 v. ; _c24 cm. |
||
| 505 | 8 | _aContiene: 1. La fin de la vieille Europe 1917-1945 -- 2. Le nouvel échiquier 1945-1980 | |
| 650 | 7 |
_aHistoria contemporánea _2embne _913393 |
|
| 852 |
_aES-MaACL _jL-24616-17 |
||
| 999 |
_c17853 _d17853 |
||